000 00308nam a2200145 i 4500
001 bg
100 1 _aTRZĘSOWSKI, A.
245 0 _aEfekt skali.
250 _aA. Trzęsowski.
260 _aWarszawa,
_c1979.
040 _cBPK
041 _apol
942 _cKS
008 s pl f |000 0 pol
999 _c21322
_d21322
856 _uhttp://koha.tu.koszalin.pl/cgi-bin/koha/opac-detail.pl?biblionumber=21322
_yKatalog online BPK